000 00851nam a2200301Ia 4500
003 OSt
005 20221006153411.0
006 a|||||r|||| 00| 0
007 ta
008 221006b |||||||| |||| 00| 0 eng d
020 _c¥1800
024 _a32,227
037 _bGift, Prof. Sonoko Hijikata
_cTextual
040 _aEASL
_cEASL
_beng
041 _2eng
_aeng
082 _aS:2, M5
100 _aDOI Takeo
245 0 _aAnatomy of self
_b The individual versus society
260 _aTokyo
_bKodansha International
_c1985
300 _a168p.
_ccm.
490 _v Gen
650 _a Gen
650 _a Love
_9181432
650 _aMind and Secret
_9663726
700 _a HARBISON Mark A Tr.
_9649113
942 _hS:2, M5
_cTEXL
_2CC
999 _c1100313
_d1100313